[Event "Xtracon GM"]
[Site "Borup"]
[Date "2010.09.12"]
[Round "9"]
[White "Brondum, Eric"]
[Black "Johannsen, Kaj"]
[Result "0-1"]
[WhiteElo "2105"]
[BlackElo "1981"]
[PlyCount "124"]
[EventDate "2010.09.03"]
[EventType "swiss"]
[EventRounds "9"]
[EventCountry "DEN"]
[Source "ChessBase"]
[SourceDate "2010.10.29"]

1. d4 d5 2. c4 c6 3. Nf3 Nf6 4. Nc3 a6 5. c5 Nbd7 6. e3 Qc7 7. b4 e5 8. dxe5
Nxe5 9. Nxe5 Qxe5 10. Bb2 Bf5 11. Bd3 Be7 12. Bxf5 Qxf5 13. O-O O-O 14. Ne2 Nd7
15. Ng3 Qg6 16. Qf3 Bf6 17. Nf5 Rfe8 18. Bxf6 Nxf6 19. Nd6 Re7 20. Rfd1 Ne4 21.
Nf5 Re5 22. Nd4 Rae8 23. Rac1 h5 24. h4 Qh7 25. a4 g5 26. hxg5 Qg6 27. b5 axb5
28. axb5 Nxg5 29. Qe2 Re4 30. Rb1 Nh3+ 31. Kh2 Nf4 32. Qf3 Nxg2 33. Qg3 Rg4 34.
Qh3 Kh7 35. Rg1 Rg8 36. bxc6 bxc6 37. Nf3 Qf5 38. Rb7 R8g6 39. Re7 Kg7 40. Re5
Qc2 41. Rxh5 Qxf2 42. Rh7+ Kf6 43. Rxf7+ Kxf7 44. Ne5+ Kf6 45. Nxg4+ Rxg4 46.
Rxg2 Qxg2+ 47. Qxg2 Rxg2+ 48. Kxg2 Ke5 49. Kf2 d4 50. Ke2 Ke4 51. exd4 Kxd4 52.
Kd2 Kc4 53. Kc2 Kb4 54. Kb2 Kb5 55. Kb3 Kxc5 56. Kc3 Kd5 57. Kd3 c5 58. Kc3 c4
59. Kc2 Kd4 60. Kd2 c3+ 61. Kc2 Kc4 62. Kb1 Kd3 0-1

[Event "Xtracon GM"]
[Site "Borup"]
[Date "2010.09.12"]
[Round "9"]
[White "Christensen, Casper"]
[Black "Akdag, Dara Sevkan"]
[Result "0-1"]
[WhiteElo "1897"]
[BlackElo "2171"]
[PlyCount "214"]
[EventDate "2010.09.03"]
[EventType "swiss"]
[EventRounds "9"]
[EventCountry "DEN"]
[Source "ChessBase"]
[SourceDate "2010.10.29"]

1. e4 c5 2. d3 Nc6 3. g3 d6 4. Bg2 g6 5. f4 Bg7 6. Nf3 e6 7. O-O Nge7 8. Re1
O-O 9. Nbd2 b5 10. Nf1 a5 11. g4 Qc7 12. Ng3 a4 13. c3 a3 14. Qd2 b4 15. d4 Qb6
16. e5 cxd4 17. Qf2 dxe5 18. fxe5 Bb7 19. cxd4 Rad8 20. Ne2 axb2 21. Bxb2 Na5
22. Nc1 Nc4 23. Nb3 Nxb2 24. Qxb2 Bxf3 25. Bxf3 Nc6 26. Bxc6 Qxc6 27. Rac1 Qb6
28. Nc5 Rd5 29. a3 Rb8 30. Rb1 Qd8 31. Re4 b3 32. Qc3 Bf8 33. Na6 Rc8 34. Qd3
Bxa3 35. Rxb3 Bf8 36. Nb4 Ra5 37. Nc2 Ra2 38. Re2 Qg5 39. h3 Qc1+ 40. Ne1 Rxe2
41. Qxe2 Qa1 42. Qe4 Rc1 43. Re3 Rd1 44. Kf2 Rxd4 45. Qb7 Rd2+ 46. Kg3 Qd4 47.
Qe4 Qa1 48. Nf3 Rd5 49. Rb3 Qa7 50. Qf4 Ra5 51. Qe4 Ra3 52. Rxa3 Qxa3 53. Qd4
h6 54. Qf4 Qc3 55. Qf6 Qe3 56. h4 Bc5 57. Qd8+ Kh7 58. Qf6 Qf2+ 59. Kh3 Kg8 60.
Qd8+ Bf8 61. Qf6 Bg7 62. Qd8+ Kh7 63. Qd3 Qc5 64. Qe4 Qc3 65. Kg3 Qc5 66. Qf4
Kg8 67. Qe4 Qd5 68. Qe3 Qd8 69. Qf4 Qe7 70. Qd2 f6 71. exf6 Qxf6 72. Qa2 Kh7
73. Qc4 Bf8 74. Qc7+ Kg8 75. Qc8 Kh8 76. g5 hxg5 77. Nxg5 e5 78. Qd7 Qe7 79.
Qd5 Kg7 80. Ne6+ Kf6 81. Ng5 Bh6 82. Qc6+ Kg7 83. Ne4 Qf7 84. Nd6 Qf4+ 85. Kh3
Qf1+ 86. Kg4 Qf4+ 87. Kh3 Kh7 88. Qb7+ Bg7 89. Ne8 Qe3+ 90. Kg4 Qd4+ 91. Kg3 e4
92. Qf7 e3 93. h5 Qe5+ 94. Kg2 g5 95. Qxg7+ Qxg7 96. Nxg7 Kxg7 97. Kf3 Kh6 98.
Kxe3 Kxh5 99. Kf3 Kh4 100. Kf2 Kh3 101. Kg1 Kg3 102. Kh1 Kf3 103. Kg1 g4 104.
Kh2 Kf2 105. Kh1 Kg3 106. Kg1 Kh3 107. Kf1 Kh2 0-1

[Event "Xtracon GM"]
[Site "Borup"]
[Date "2010.09.12"]
[Round "9"]
[White "Christensen, Henrik"]
[Black "Christensen, Verner"]
[Result "1-0"]
[WhiteElo "2014"]
[BlackElo "1968"]
[PlyCount "89"]
[EventDate "2010.09.03"]
[EventType "swiss"]
[EventRounds "9"]
[EventCountry "DEN"]
[Source "ChessBase"]
[SourceDate "2010.10.29"]

1. d4 f5 2. Nf3 e6 3. g3 d5 4. Bg2 Bd6 5. c4 c6 6. Nc3 Nf6 7. Bg5 O-O 8. O-O
Nbd7 9. Qc2 Qe8 10. e3 Ne4 11. Bf4 Bxf4 12. exf4 h6 13. b4 Nb6 14. Ne5 Nd7 15.
Nxd7 Qxd7 16. Rfe1 b6 17. Rac1 Bb7 18. a4 Rac8 19. c5 bxc5 20. bxc5 Ba6 21. Rb1
Rb8 22. Rb2 Qc7 23. Reb1 Rxb2 24. Qxb2 Nxc3 25. Qxc3 Rb8 26. Rb4 Rxb4 27. Qxb4
Qb7 28. Qxb7 Bxb7 29. a5 Ba6 30. Bf3 g6 31. Bd1 Kg7 32. Ba4 Bb7 33. a6 Ba8 34.
Kg2 Kf6 35. Bd1 Kg7 36. Kh3 Kf6 37. Kh4 g5+ 38. fxg5+ hxg5+ 39. Kh5 f4 40. Kg4
fxg3 41. fxg3 e5 42. dxe5+ Kxe5 43. Kxg5 d4 44. h4 Kd5 45. h5 1-0

[Event "Xtracon GM"]
[Site "Borup"]
[Date "2010.09.12"]
[Round "9"]
[White "Christensen, John"]
[Black "Sorensen, Dick"]
[Result "1/2-1/2"]
[WhiteElo "2106"]
[BlackElo "1966"]
[PlyCount "64"]
[EventDate "2010.09.03"]
[EventType "swiss"]
[EventRounds "9"]
[EventCountry "DEN"]
[Source "ChessBase"]
[SourceDate "2010.10.29"]

1. Nf3 f5 2. d4 Nf6 3. e3 e6 4. Bd3 d5 5. b3 Bd6 6. Ba3 c6 7. Bxd6 Qxd6 8. Ne5
O-O 9. Nd2 Nbd7 10. f4 Ne4 11. O-O Nxe5 12. fxe5 Qe7 13. Bxe4 fxe4 14. Qe2 Bd7
15. a3 Rxf1+ 16. Nxf1 Qg5 17. Ng3 Rf8 18. Nh5 c5 19. c3 cxd4 20. cxd4 a6 21. a4
Rc8 22. Nf4 Rc3 23. Rb1 b5 24. Qd2 b4 25. Qe2 Bc8 26. Qe1 Qd8 27. Qg3 Qc7 28.
Ne2 Rc2 29. Qe1 a5 30. Rc1 Ba6 31. Qd1 Rxc1 32. Qxc1 Qxc1+ 1/2-1/2

[Event "Xtracon GM"]
[Site "Borup"]
[Date "2010.09.12"]
[Round "9"]
[White "Danielsen, Henrik"]
[Black "Andersen, Mads"]
[Result "1-0"]
[WhiteElo "2529"]
[BlackElo "2385"]
[PlyCount "125"]
[EventDate "2010.09.03"]
[EventType "swiss"]
[EventRounds "9"]
[EventCountry "DEN"]
[Source "ChessBase"]
[SourceDate "2010.10.29"]

1. c4 Nf6 2. Nf3 g6 3. g3 Bg7 4. Bg2 d5 5. O-O dxc4 6. Qa4+ Nfd7 7. Qxc4 Nb6 8.
Qc2 O-O 9. Nc3 Nc6 10. d3 e5 11. Bg5 f6 12. Be3 Rf7 13. Ne4 Nd5 14. Bd2 h6 15.
Nc5 f5 16. Qb3 Nb6 17. Rac1 Qe8 18. e3 Nd8 19. e4 fxe4 20. Ne1 c6 21. Bxe4 Bf5
22. Bxf5 gxf5 23. Nf3 Nd5 24. Rfe1 b6 25. Na6 e4 26. Nh4 Ne6 27. dxe4 fxe4 28.
Rxe4 Qd7 29. Qd3 Ng5 30. Bxg5 hxg5 31. Ng2 Bxb2 32. Rd1 Qf5 33. Re2 Qxd3 34.
Rxd3 Bg7 35. Rc2 Raf8 36. h4 gxh4 37. Nxh4 Ne7 38. Nc7 c5 39. Ne6 Rc8 40. Ng5
Rff8 41. Ne6 Rf7 42. f4 Nc6 43. Rd6 Bf8 44. Nxf8 Rfxf8 45. Ng6 Rf7 46. g4 Kg7
47. f5 Rf6 48. Rd7+ Rf7 49. Rd1 Re8 50. Rf1 Nd4 51. Rg2 c4 52. Nf4 c3 53. f6+
Kg8 54. g5 c2 55. Nd3 Ne2+ 56. Kf2 Rd7 57. g6 Re6 58. f7+ Kg7 59. Rh1 Rxd3 60.
Rh7+ Kf6 61. f8=Q+ Ke5 62. Rg5+ Kd4 63. Qb4# 1-0

[Event "Xtracon GM"]
[Site "Borup"]
[Date "2010.09.12"]
[Round "9"]
[White "Drozdovskij, Yuri"]
[Black "Hillarp Persson, Tiger"]
[Result "1/2-1/2"]
[WhiteElo "2608"]
[BlackElo "2517"]
[PlyCount "31"]
[EventDate "2010.09.03"]
[EventType "swiss"]
[EventRounds "9"]
[EventCountry "DEN"]
[Source "ChessBase"]
[SourceDate "2010.10.29"]

1. d4 Nf6 2. c4 e6 3. Nf3 d5 4. e3 Nbd7 5. Bd3 dxc4 6. Bxc4 a6 7. a4 c5 8. Nc3
Qc7 9. Qe2 Bd6 10. O-O O-O 11. h3 h6 12. Rd1 e5 13. dxc5 Bxc5 14. e4 Nb6 15.
Ba2 Be6 16. Be3 1/2-1/2

[Event "Xtracon GM"]
[Site "Borup"]
[Date "2010.09.12"]
[Round "9"]
[White "Frisk, Ellinor"]
[Black "Thomsen, Peter"]
[Result "0-1"]
[WhiteElo "2113"]
[BlackElo "1930"]
[PlyCount "81"]
[EventDate "2010.09.03"]
[EventType "swiss"]
[EventRounds "9"]
[EventCountry "DEN"]
[Source "ChessBase"]
[SourceDate "2010.10.29"]

1. e4 c5 2. Nf3 e6 3. d4 cxd4 4. Nxd4 a6 5. Nc3 b5 6. Be3 Bb7 7. f3 d6 8. Qd2
Be7 9. O-O-O Nd7 10. g4 Ngf6 11. g5 Nh5 12. Kb1 g6 13. Rg1 b4 14. Na4 Qa5 15.
b3 O-O 16. h4 Rfd8 17. Qf2 Nc5 18. Nb2 e5 19. Ne2 d5 20. exd5 Bxd5 21. Ng3 Nf4
22. Rh1 Be6 23. Bc4 Rxd1+ 24. Rxd1 Rc8 25. Ne4 Nxe4 26. fxe4 Nh3 27. Qh2 Nf4
28. Bxe6 Nxe6 29. Nc4 Rxc4 30. bxc4 Qa3 31. Rd3 Qa5 32. Rd5 Qa3 33. Bc1 Qc3 34.
Qxe5 Qxc4 35. Rd3 Bf8 36. Bb2 Ng7 37. Qd5 Qxd5 38. Rxd5 Ne6 39. Ra5 Nf4 40.
Rxa6 Ng2 41. Bf6 0-1

[Event "Xtracon GM"]
[Site "Borup"]
[Date "2010.09.12"]
[Round "9"]
[White "Hansen, Jakob"]
[Black "Mollmann, Erik"]
[Result "0-1"]
[WhiteElo "1999"]
[BlackElo "1694"]
[PlyCount "64"]
[EventDate "2010.09.03"]
[EventType "swiss"]
[EventRounds "9"]
[EventCountry "DEN"]
[Source "ChessBase"]
[SourceDate "2010.10.29"]

1. e4 Nc6 2. d4 d5 3. e5 f6 4. Bf4 Bf5 5. Nf3 e6 6. a3 a6 7. Bd3 Nge7 8. exf6
gxf6 9. c3 Rg8 10. Bg3 Be4 11. Nh4 Bxd3 12. Qxd3 Ng6 13. Nf3 Bd6 14. Nbd2 Qe7
15. Bxd6 Qxd6 16. g3 O-O-O 17. O-O-O e5 18. dxe5 Ncxe5 19. Qf5+ Kb8 20. Nxe5
fxe5 21. Ne4 Qc6 22. Ng5 Rdf8 23. Qc2 h6 24. Nh3 e4 25. Kb1 Qe6 26. Ng1 Ne5 27.
h4 Qb6 28. Nh3 Ng4 29. Rhf1 e3 30. f3 Ne5 31. Nf4 Nc4 32. Nxd5 Nxa3+ 0-1

[Event "Xtracon GM"]
[Site "Borup"]
[Date "2010.09.12"]
[Round "9"]
[White "Hein, Juergen"]
[Black "Skovle, Lars"]
[Result "1-0"]
[WhiteElo "1931"]
[BlackElo "1705"]
[PlyCount "24"]
[EventDate "2010.09.03"]
[EventType "swiss"]
[EventRounds "9"]
[EventCountry "DEN"]
[Source "ChessBase"]
[SourceDate "2010.10.29"]

1. e4 Nf6 2. e5 Nd5 3. d4 d6 4. c4 Nb6 5. Nc3 dxe5 6. dxe5 Qxd1+ 7. Nxd1 Nc6 8.
Nf3 Bg4 9. Ne3 Bxf3 10. gxf3 Nxe5 11. Be2 O-O-O 12. O-O g6 1-0

[Event "Xtracon GM"]
[Site "Borup"]
[Date "2010.09.12"]
[Round "9"]
[White "Hvenekilde, Jorgen"]
[Black "Skytte, Rasmus"]
[Result "1/2-1/2"]
[WhiteElo "2107"]
[BlackElo "2400"]
[PlyCount "57"]
[EventDate "2010.09.03"]
[EventType "swiss"]
[EventRounds "9"]
[EventCountry "DEN"]
[Source "ChessBase"]
[SourceDate "2010.10.29"]

1. d4 Nf6 2. Nf3 c5 3. d5 b5 4. c4 Bb7 5. a4 Qa5+ 6. Bd2 b4 7. Qc2 d6 8. e4
Nbd7 9. Be2 g6 10. O-O Bg7 11. Be1 O-O 12. Nfd2 e5 13. Nb3 Qc7 14. N1d2 Rae8
15. Nc1 Bc8 16. Nd3 Qd8 17. g3 h6 18. a5 a6 19. Bf3 Nh7 20. Bg2 Ndf6 21. b3 Nh5
22. f3 f5 23. Bf2 Qc7 24. Nb2 N5f6 25. Na4 fxe4 26. Nxe4 Nxe4 27. fxe4 Ng5 28.
Nb6 Bg4 29. Be3 1/2-1/2

[Event "Xtracon GM"]
[Site "Borup"]
[Date "2010.09.12"]
[Round "9"]
[White "Jorgensen, Orla Eilegaard"]
[Black "Mathiesen, Erik"]
[Result "1-0"]
[WhiteElo "1680"]
[BlackElo "2040"]
[PlyCount "39"]
[EventDate "2010.09.03"]
[EventType "swiss"]
[EventRounds "9"]
[EventCountry "DEN"]
[Source "ChessBase"]
[SourceDate "2010.10.29"]

1. Nf3 d5 2. d4 Nf6 3. c4 e6 4. Nc3 Bb4 5. cxd5 Nxd5 6. Qc2 f6 7. a3 Bxc3+ 8.
bxc3 O-O 9. e4 Ne7 10. Bc4 Kh8 11. O-O Ng6 12. h4 e5 13. h5 Nf4 14. h6 gxh6 15.
g3 Bg4 16. Nh2 Bh3 17. Rd1 Rg8 18. dxe5 Qf8 19. Bxg8 Qxg8 20. Bxf4 1-0

[Event "Xtracon GM"]
[Site "Borup"]
[Date "2010.09.12"]
[Round "9"]
[White "Knudsen, Jes West"]
[Black "Hubka, Roland"]
[Result "1/2-1/2"]
[WhiteElo "1996"]
[BlackElo "2048"]
[PlyCount "71"]
[EventDate "2010.09.03"]
[EventType "swiss"]
[EventRounds "9"]
[EventCountry "DEN"]
[Source "ChessBase"]
[SourceDate "2010.10.29"]

1. e4 e6 2. d3 d5 3. Nd2 dxe4 4. dxe4 Nf6 5. Bd3 Nc6 6. Ngf3 Be7 7. a3 a6 8. e5
Nd7 9. Qe2 Nc5 10. Bc4 b5 11. Ba2 Nd4 12. Nxd4 Qxd4 13. O-O Bb7 14. Re1 O-O 15.
Nf3 Qg4 16. h3 Bxf3 17. hxg4 Bxe2 18. Rxe2 Rad8 19. Bd2 Na4 20. b3 Nb6 21. b4
Rd4 22. f3 Rfd8 23. Bc3 Rd1+ 24. Rxd1 Rxd1+ 25. Re1 Rd7 26. Re2 c5 27. Rd2 c4
28. Rxd7 Nxd7 29. Bd4 Bg5 30. g3 f6 31. exf6 Bxf6 32. c3 e5 33. Be3 e4 34. Bb1
exf3 35. Bf5 Nb8 36. Bf4 1/2-1/2

[Event "Xtracon GM"]
[Site "Borup"]
[Date "2010.09.12"]
[Round "9"]
[White "Larsen, Jesper Riis"]
[Black "Molvig, Julius"]
[Result "1-0"]
[WhiteElo "2004"]
[BlackElo "1801"]
[PlyCount "81"]
[EventDate "2010.09.03"]
[EventType "swiss"]
[EventRounds "9"]
[EventCountry "DEN"]
[Source "ChessBase"]
[SourceDate "2010.10.29"]

1. d4 Nf6 2. Nf3 g6 3. c4 c5 4. Nc3 cxd4 5. Nxd4 Bg7 6. e4 d6 7. Be2 O-O 8. Be3
Nc6 9. O-O Bd7 10. Qd2 Rc8 11. f3 a6 12. Rfd1 Re8 13. Rac1 Ne5 14. b3 Bc6 15.
Nxc6 Nxc6 16. Nd5 Nd7 17. f4 Qa5 18. Bg4 Rcd8 19. Qxa5 Nxa5 20. Bxd7 Rxd7 21.
b4 Nc6 22. b5 axb5 23. cxb5 Nd8 24. Nc7 Rf8 25. a4 Ne6 26. Nd5 Rfd8 27. Rc4 Nc5
28. Nb6 Rc7 29. Bxc5 Rdc8 30. Nxc8 Rxc8 31. Rdc1 dxc5 32. e5 Bh6 33. Rxc5 Rxc5
34. Rxc5 Bxf4 35. Rc8+ Kg7 36. Rc7 Bxe5 37. Rxb7 Kf6 38. a5 Bd4+ 39. Kf1 e5 40.
a6 e4 41. a7 1-0

[Event "Xtracon GM"]
[Site "Borup"]
[Date "2010.09.12"]
[Round "9"]
[White "Larsen, Thomas Gjerken"]
[Black "Krogh, Peter Ove"]
[Result "1-0"]
[WhiteElo "2076"]
[BlackElo "1922"]
[PlyCount "57"]
[EventDate "2010.09.03"]
[EventType "swiss"]
[EventRounds "9"]
[EventCountry "DEN"]
[Source "ChessBase"]
[SourceDate "2010.10.29"]

1. e4 c5 2. Nf3 a6 3. Nc3 b5 4. d4 cxd4 5. Nxd4 Bb7 6. Bd3 Nc6 7. Be3 e5 8. Nb3
Bb4 9. Nc5 Bc8 10. O-O d6 11. Nb3 Nge7 12. a4 Bxc3 13. bxc3 bxa4 14. Rxa4 O-O
15. Qa1 a5 16. c4 Be6 17. Bd2 f5 18. Bxa5 Nxa5 19. Nxa5 Bd7 20. Ra3 f4 21. Nb7
Rxa3 22. Qxa3 Qc7 23. Qxd6 Qxd6 24. Nxd6 Rf6 25. c5 h5 26. Ra1 Ng6 27. Ra7 Nf8
28. Nc4 Re6 29. Nb6 1-0

[Event "Xtracon GM"]
[Site "Borup"]
[Date "2010.09.12"]
[Round "9"]
[White "Miezis, Normunds"]
[Black "Tikkanen, Hans"]
[Result "1-0"]
[WhiteElo "2519"]
[BlackElo "2507"]
[PlyCount "69"]
[EventDate "2010.09.03"]
[EventType "swiss"]
[EventRounds "9"]
[EventCountry "DEN"]
[Source "ChessBase"]
[SourceDate "2010.10.29"]

1. c4 b6 2. Nc3 Bb7 3. Nf3 Nf6 4. d3 e6 5. e4 d6 6. g3 Be7 7. Bg2 O-O 8. O-O c5
9. Ne1 Qc7 10. f4 Nfd7 11. g4 h6 12. Rf3 g6 13. Rh3 Kg7 14. Nb5 Qc8 15. d4 a6
16. Nc3 g5 17. d5 Qd8 18. e5 dxe5 19. d6 Bxg2 20. dxe7 Qxe7 21. Nxg2 exf4 22.
Qf3 Ra7 23. Nxf4 gxf4 24. Bxf4 Rh8 25. Rd1 Qf6 26. Ne4 Qg6 27. Ng3 f6 28. Re1
Kf7 29. Nf5 h5 30. Rxe6 Ne5 31. Bxe5 hxg4 32. Rxf6+ Qxf6 33. Qd5+ Qe6 34. Nd6+
Ke7 35. Rxh8 1-0

[Event "Xtracon GM"]
[Site "Borup"]
[Date "2010.09.12"]
[Round "9"]
[White "Nielsen, Morten"]
[Black "Pedersen, Henrik Dahl"]
[Result "0-1"]
[WhiteElo "1935"]
[BlackElo "2235"]
[PlyCount "54"]
[EventDate "2010.09.03"]
[EventType "swiss"]
[EventRounds "9"]
[EventCountry "DEN"]
[Source "ChessBase"]
[SourceDate "2010.10.29"]

1. e4 c5 2. f4 Nc6 3. Nf3 g6 4. c3 d5 5. e5 Bg4 6. Bb5 Qb6 7. a4 e6 8. h3 Bxf3
9. Qxf3 Nge7 10. O-O h5 11. g3 Nf5 12. Rd1 Be7 13. Bxc6+ bxc6 14. a5 Qb3 15.
Kh2 g5 16. d3 g4 17. Qe2 h4 18. Ra3 hxg3+ 19. Kg1 Qb7 20. hxg4 Rh2 21. Qe1
O-O-O 22. Nd2 Rdh8 23. Nf1 Rh1+ 24. Kg2 Nh4+ 25. Kxg3 Ng6 26. Kg2 Nxf4+ 27. Kg3
R8h3+ 0-1

[Event "Xtracon GM"]
[Site "Borup"]
[Date "2010.09.12"]
[Round "9"]
[White "Pedersen, Hans Dahl"]
[Black "Bejtovic, Jasmin"]
[Result "0-1"]
[WhiteElo "2206"]
[BlackElo "2404"]
[PlyCount "86"]
[EventDate "2010.09.03"]
[EventType "swiss"]
[EventRounds "9"]
[EventCountry "DEN"]
[Source "ChessBase"]
[SourceDate "2010.10.29"]

1. c4 e5 2. g3 Nf6 3. Bg2 d5 4. cxd5 Nxd5 5. Nf3 Nc6 6. O-O Nb6 7. d3 Be7 8. a3
a5 9. b3 O-O 10. Bb2 f6 11. Nbd2 Be6 12. Rc1 Qd7 13. Ne4 Rfd8 14. Nc5 Bxc5 15.
Rxc5 Qf7 16. Nd2 Bd5 17. Qc2 Bxg2 18. Kxg2 Rd7 19. Rc1 Nd5 20. Nf3 Qe6 21. Qc4
Kh8 22. e3 Nd8 23. d4 e4 24. Nd2 Nf7 25. Qe2 c6 26. h4 Nh6 27. R5c2 Ng4 28. Nc4
h5 29. Bc3 a4 30. b4 Ra6 31. Bd2 Ne7 32. Na5 Rb6 33. Rc5 Rd5 34. Rxd5 Nxd5 35.
Rc5 Kh7 36. Bc1 Kg6 37. Qc2 Qf5 38. Qe2 Rb5 39. Rc2 Qe6 40. Rc5 Rxc5 41. bxc5
Nc3 42. Qe1 Qf5 43. Kg1 Qf3 0-1

[Event "Xtracon GM"]
[Site "Borup"]
[Date "2010.09.12"]
[Round "9"]
[White "Strange, Mikkel"]
[Black "Schandorff, Lars"]
[Result "1/2-1/2"]
[WhiteElo "2305"]
[BlackElo "2492"]
[PlyCount "139"]
[EventDate "2010.09.03"]
[EventType "swiss"]
[EventRounds "9"]
[EventCountry "DEN"]
[Source "ChessBase"]
[SourceDate "2010.10.29"]

1. e4 c6 2. d4 d5 3. Nc3 dxe4 4. Nxe4 Bf5 5. Ng3 Bg6 6. h4 h6 7. Nf3 Nd7 8. Bd3
Bxd3 9. Qxd3 Ngf6 10. Bd2 e6 11. O-O-O Be7 12. Ne4 Nxe4 13. Qxe4 Nf6 14. Qd3
Ng4 15. Qe2 Qc7 16. Ne1 Nf6 17. Nd3 O-O-O 18. Bf4 Qa5 19. Qe5 Qxe5 20. Nxe5 Bd6
21. Nd3 Bxf4+ 22. Nxf4 Ne4 23. Nh3 g5 24. Rhe1 Nd6 25. hxg5 hxg5 26. Nxg5 Rdg8
27. f4 Rh2 28. Rd2 Kd7 29. g3 Rh6 30. c3 b6 31. Kc2 Rg7 32. Rg2 Rh8 33. b3 Nf5
34. g4 Ne7 35. c4 Ng6 36. Rf2 Nf8 37. Nf3 Kd6 38. g5 Ng6 39. Ne5 Rh4 40. Nxg6
Rxg6 41. Re5 Rg4 42. Kc3 f6 43. gxf6 Rxf6 44. c5+ Kc7 45. f5 Rxf5 46. Rfxf5
exf5 47. Rxf5 Rg7 48. a4 bxc5 49. dxc5 a5 50. Kd4 Rh7 51. Rf6 Rh2 52. Kc4 Rh7
53. Re6 Rh4+ 54. Kd3 Rh3+ 55. Re3 Rh7 56. Rf3 Rd7+ 57. Ke4 Re7+ 58. Kd4 Rd7+
59. Kc4 Rh7 60. Rf4 Rg7 61. Kd4 Rd7+ 62. Ke4 Re7+ 63. Kf5 Re3 64. Re4 Rf3+ 65.
Kg5 Rxb3 66. Re7+ Kd8 67. Ra7 Rc3 68. Rxa5 Kc7 69. Kf5 Kb7 70. Ke5 1/2-1/2

[Event "Xtracon GM"]
[Site "Borup"]
[Date "2010.09.12"]
[Round "9"]
[White "Sulskis, Sarunas"]
[Black "Doluhanova, Evgeniya"]
[Result "1-0"]
[WhiteElo "2544"]
[BlackElo "2259"]
[PlyCount "71"]
[EventDate "2010.09.03"]
[EventType "swiss"]
[EventRounds "9"]
[EventCountry "DEN"]
[Source "ChessBase"]
[SourceDate "2010.10.29"]

1. e4 c5 2. Nf3 d6 3. d4 cxd4 4. Nxd4 Nf6 5. Nc3 a6 6. Bc4 e6 7. Bb3 Be7 8. g4
d5 9. exd5 Nxd5 10. Nxd5 exd5 11. Nf5 Bxf5 12. gxf5 d4 13. Qh5 Qa5+ 14. Kd1 Rf8
15. Bd2 Qc7 16. f6 Bxf6 17. Bb4 Nc6 18. Bxf8 Kxf8 19. Qxh7 g6 20. Rg1 Bg7 21.
Rxg6 fxg6 22. Qg8+ Ke7 23. Qxg7+ Kd6 24. Qxg6+ Kc5 25. Qg3 Qe7 26. Kd2 Re8 27.
Rd1 Qe2+ 28. Kc1 Rf8 29. f4 Qe3+ 30. Qxe3 dxe3 31. Rd5+ Kb6 32. Rd3 Rxf4 33.
Rxe3 Rf2 34. h4 Nd4 35. Rh3 Nf3 36. Rh1 1-0

[Event "Xtracon GM"]
[Site "Borup"]
[Date "2010.09.12"]
[Round "9"]
[White "Sylvan, Jacob"]
[Black "Hoi, Carsten"]
[Result "1/2-1/2"]
[WhiteElo "2238"]
[BlackElo "2419"]
[PlyCount "127"]
[EventDate "2010.09.03"]
[EventType "swiss"]
[EventRounds "9"]
[EventCountry "DEN"]
[Source "ChessBase"]
[SourceDate "2010.10.29"]

1. d4 Nf6 2. c4 d6 3. Nc3 e5 4. dxe5 dxe5 5. Qxd8+ Kxd8 6. Nf3 Nfd7 7. g3 f6 8.
Bg2 c6 9. O-O Kc7 10. Be3 a5 11. Nd2 Bc5 12. Bxc5 Nxc5 13. Nde4 Nba6 14. Rfd1
Be6 15. b3 Rhd8 16. Kf1 a4 17. Nxc5 Nxc5 18. b4 Na6 19. b5 Nc5 20. Ke1 Rxd1+
21. Nxd1 Rd8 22. bxc6 bxc6 23. Ne3 Rb8 24. Rd1 a3 25. Rd2 Rb1+ 26. Rd1 Rb2 27.
Rd2 Na4 28. Be4 Nc3 29. Bxh7 f5 30. Rd3 Rb1+ 31. Kd2 Ne4+ 32. Kc2 Rb2+ 33. Kc1
Rxa2 34. Nc2 Bxc4 35. Rxa3 Rxa3 36. Nxa3 Bxe2 37. Bxf5 Nxf2 38. Kd2 Bg4 39. Bg6
Be6 40. Ke2 Ng4 41. h3 Nf6 42. g4 Nd5 43. Bf5 Nf4+ 44. Ke3 Kd6 45. Bxe6 Kxe6
46. h4 Ng2+ 47. Ke4 Nxh4 48. Nc4 Ng6 49. g5 c5 50. Ne3 Nf8 51. Nf5 g6 52. Nh4
c4 53. Nf3 Nd7 54. Nh4 Kf7 55. Ng2 c3 56. Kd3 Ke6 57. Nh4 e4+ 58. Kxc3 Ne5 59.
Ng2 Kf5 60. Kd4 Ng4 61. Nh4+ Kxg5 62. Nxg6 e3 63. Ne5 e2 64. Kd3 1/2-1/2

[Event "Xtracon GM"]
[Site "Borup"]
[Date "2010.09.12"]
[Round "9"]
[White "Teplyi, Igor"]
[Black "Semcesen, Daniel"]
[Result "1/2-1/2"]
[WhiteElo "2408"]
[BlackElo "2416"]
[PlyCount "25"]
[EventDate "2010.09.03"]
[EventType "swiss"]
[EventRounds "9"]
[EventCountry "DEN"]
[Source "ChessBase"]
[SourceDate "2010.10.29"]

1. d4 d5 2. c4 dxc4 3. Nf3 Nf6 4. e3 Bg4 5. Bxc4 e6 6. h3 Bh5 7. Nc3 a6 8. O-O
Nc6 9. Be2 Bd6 10. b3 O-O 11. Bb2 Qe7 12. Nd2 Bg6 13. Bf3 1/2-1/2

[Event "Xtracon GM"]
[Site "Borup"]
[Date "2010.09.12"]
[Round "9"]
[White "Vovk, Oksana"]
[Black "Kulaots, Kaido"]
[Result "0-1"]
[WhiteElo "2157"]
[BlackElo "2592"]
[PlyCount "66"]
[EventDate "2010.09.03"]
[EventType "swiss"]
[EventRounds "9"]
[EventCountry "DEN"]
[Source "ChessBase"]
[SourceDate "2010.10.29"]

1. d4 Nf6 2. c4 e6 3. Nf3 b6 4. g3 Ba6 5. Nbd2 c5 6. e4 cxd4 7. e5 Ng4 8. h3
Nh6 9. Bg2 Nc6 10. Qa4 Bb7 11. Nxd4 Qc7 12. Nxc6 Bxc6 13. Bxc6 dxc6 14. O-O Nf5
15. Nf3 Bc5 16. Kg2 O-O 17. Bd2 Nd4 18. Bc3 b5 19. Qd1 Nxf3 20. Qxf3 b4 21. Bd2
Qxe5 22. Qxc6 Rac8 23. Qb5 Qxb2 24. Bf4 e5 25. Rab1 Qd4 26. Be3 Qe4+ 27. Kh2
Bxe3 28. fxe3 Rxc4 29. Rb2 Rc3 30. Rbf2 Qxe3 31. Rf3 Rc2+ 32. Kh1 Qe4 33. Qa4
Rc1 0-1

[Event "Xtracon GM"]
[Site "Borup"]
[Date "2010.09.12"]
[Round "9"]
[White "Wilton, Lars"]
[Black "Jensen, Soren Holm"]
[Result "1-0"]
[WhiteElo "2136"]
[BlackElo "2024"]
[PlyCount "65"]
[EventDate "2010.09.03"]
[EventType "swiss"]
[EventRounds "9"]
[EventCountry "DEN"]
[Source "ChessBase"]
[SourceDate "2010.10.29"]

1. d4 d5 2. c4 e6 3. Nf3 Nf6 4. Nc3 Be7 5. Bg5 O-O 6. e3 h6 7. Bh4 b6 8. a3 Bb7
9. cxd5 Nxd5 10. Bxe7 Qxe7 11. Bd3 Nxc3 12. bxc3 c5 13. O-O Nd7 14. a4 cxd4 15.
cxd4 Nf6 16. Ne5 Rfd8 17. a5 bxa5 18. Qa4 Qb4 19. Rfb1 Qxa4 20. Rxa4 Be4 21.
Rxa5 Bxd3 22. Nxd3 Rdb8 23. Rba1 Ne4 24. f3 Nc3 25. Kf2 Rb1 26. R1a3 Nb5 27.
Ra2 Rb8 28. Rc2 g6 29. g4 Kg7 30. Rc5 Rb7 31. h4 Nc7 32. Rc2 R1b5 33. Rxc7 1-0

[Event "Xtracon GM"]
[Site "Borup"]
[Date "2010.09.12"]
[Round "9"]
[White "Zdebskaja, Natalia"]
[Black "Smith, Axel"]
[Result "1-0"]
[WhiteElo "2357"]
[BlackElo "2445"]
[PlyCount "99"]
[EventDate "2010.09.03"]
[EventType "swiss"]
[EventRounds "9"]
[EventCountry "DEN"]
[Source "ChessBase"]
[SourceDate "2010.10.29"]

1. e4 c5 2. Nf3 d6 3. d4 cxd4 4. Nxd4 Nf6 5. Nc3 a6 6. Be2 Nbd7 7. Be3 e6 8.
Qd2 b5 9. f3 Bb7 10. g4 Nb6 11. h4 b4 12. Nd1 d5 13. Nb3 Nbd7 14. g5 dxe4 15.
gxf6 exf3 16. Bd3 Nxf6 17. Nf2 Qc7 18. O-O-O O-O-O 19. h5 Bd6 20. Rh4 Kb8 21.
Rc4 Qe7 22. Na5 Rc8 23. Nxb7 Qxb7 24. Bf4 Rxc4 25. Bxd6+ Rc7 26. Bxc7+ Qxc7 27.
Qxb4+ Ka7 28. h6 Rb8 29. Qd4+ Qb6 30. Qxb6+ Kxb6 31. hxg7 Rg8 32. Rg1 h5 33.
Rg5 Ne8 34. Rxh5 Rxg7 35. Rh3 f5 36. Rxf3 a5 37. Bc4 Re7 38. Nd3 Nd6 39. Ne5
Kc5 40. b3 a4 41. Kb2 Re8 42. c3 axb3 43. axb3 Ne4 44. Rd3 Kb6 45. b4 Kc7 46.
Rd7+ Kb6 47. Bd3 Ng5 48. c4 Ne4 49. c5+ Nxc5 50. Rd6+ 1-0